| 000 | 00792nam a22002177a 4500 | ||
|---|---|---|---|
| 005 | 20100727164336.0 | ||
| 010 | _aENG-96914 | ||
| 020 |
_a0198064225 _c395.00 |
||
| 020 |
_a9780198064220 _c395.00 |
||
| 035 | _aEN-80447 | ||
| 037 | _bDBAD/PUB | ||
| 082 | _a409.54 | ||
| 245 |
_aLanguage and politics in India / _cedite by Asha Sarangi |
||
| 260 |
_aNew Delhi _bOxford University Press _c2009 |
||
| 270 |
_aYMCA Library Building, Jai Singh Road, _bNew Delhi _e110001 |
||
| 300 |
_axvi, 431p.: _bill. _c21cm, (pbk) _eb&w photos |
||
| 500 | _aincludes bibliography | ||
| 700 |
_aSarangi Asha _91961 |
||
| 942 |
_2ddc _cEN _h409.54 _mLAN |
||
| 999 |
_c38002 _d38002 |
||